[Event "I Open Praiascacchi"]
[Site "Praia a Mare ITA"]
[Date "2007.04.05"]
[Round "1"]
[White "Simone, Leo"]
[Black "Mitkov, Kalin"]
[Result "1-0"]
[WhiteElo "1772"]
[BlackElo "1440"]
[PlyCount "117"]
[EventDate "2007.04.05"]

1. Nf3 Nf6 2. d4 d5 3. Bf4 e6 4. e3 Be7 5. c4 c6 6. Nc3 Nbd7 7. Rc1 a6 8. Be2
dxc4 9. Bxc4 b5 10. Bd3 O-O 11. Ne4 Bb7 12. O-O Nxe4 13. Bxe4 Rc8 14. a3 Nf6
15. Nd2 Nxe4 16. Nxe4 c5 17. Nxc5 Bxc5 18. dxc5 Qf6 19. Qd4 Qg6 20. Bg3 Rfd8
21. Qh4 Bc6 22. Rfd1 f6 23. Qh3 Qf7 24. Bd6 Bd5 25. b4 Bb3 26. Rd4 Rc6 27. Qg3
Rdc8 28. Rb1 e5 29. Rd2 Ba2 30. Ra1 e4 31. Rdxa2 Qb3 32. h3 Ra8 33. Qf4 Qe6 34.
Rd2 a5 35. Rad1 g5 36. Qg4 Qe8 37. Rd4 axb4 38. axb4 Qg6 39. Qe6+ Kh8 40. Qxe4
Qxe4 41. Rxe4 Kg7 42. Red4 Rca6 43. Bc7 Kf7 44. Ba5 Rc6 45. Rd7+ Kg6 46. R1d6
Rxc5 47. bxc5 Rxa5 48. Rb6 b4 49. Rxb4 Rxc5 50. Rbb7 h5 51. g3 Kf5 52. Rf7 Rc6
53. Rb5+ Kg6 54. Rfb7 Rd6 55. Kg2 Rc6 56. g4 h4 57. R7b6 Rc7 58. Rf5 Rf7 59. e4
1-0

[Event "I Open Praiascacchi"]
[Site "Praia a Mare ITA"]
[Date "2007.04.05"]
[Round "1"]
[White "Valotta, Massimiliano"]
[Black "Magli, Francesco"]
[Result "1-0"]
[WhiteElo "1889"]
[BlackElo "1479"]
[PlyCount "59"]
[EventDate "2007.04.05"]

1. e4 d6 2. Nf3 e5 3. d4 Be7 4. Bc4 Bg4 5. dxe5 dxe5 6. Qxd8+ Bxd8 7. Nxe5 Be6
8. Bxe6 fxe6 9. O-O Nf6 10. Nc3 O-O 11. f3 Nbd7 12. Nxd7 Nxd7 13. Be3 Be7 14.
Nb5 c5 15. Nc7 Rac8 16. Nxe6 Rf6 17. Nf4 Bd6 18. Nd5 Rf7 19. Rad1 Be5 20. c3
Nf6 21. Nxf6+ Bxf6 22. f4 h6 23. e5 Bd8 24. Bxc5 Rxc5 25. Rxd8+ Kh7 26. e6 Re7
27. f5 Re5 28. c4 Re2 29. Rfd1 Rc7 30. b3 1-0

[Event "I Open Praiascacchi"]
[Site "Praia a Mare ITA"]
[Date "2007.04.06"]
[Round "2"]
[White "Alagia, Pietro"]
[Black "Valotta, Massimiliano"]
[Result "1-0"]
[WhiteElo "1658"]
[BlackElo "1889"]
[PlyCount "65"]
[EventDate "2007.04.05"]

1. e4 c5 2. Bc4 e6 3. Nc3 Nc6 4. Nge2 Nf6 5. d4 d5 6. exd5 exd5 7. Bb5 a6 8.
Bxc6+ bxc6 9. Bg5 Be7 10. O-O c4 11. Re1 O-O 12. a3 Bg4 13. Qd2 Rb8 14. Rab1 h6
15. Be3 Bf5 16. Ng3 Bh7 17. Na4 Bd6 18. Re2 Bxa3 19. b3 cxb3 20. Rxb3 Bd6 21.
Bf4 Rxb3 22. cxb3 Bxf4 23. Qxf4 Qb8 24. Qxb8 Rxb8 25. Nc5 Rb4 26. Nh5 Rxd4 27.
Nxf6+ gxf6 28. Re8+ Kg7 29. h3 Rd1+ 30. Kh2 Bd3 31. Re7 Kf8 32. Re3 Bb5 33.
Nd7+ 1-0

[Event "I Open Praiascacchi"]
[Site "Praia a Mare ITA"]
[Date "2007.04.06"]
[Round "2"]
[White "Altomonte, Giuseppe"]
[Black "Cordi', Domenico"]
[Result "0-1"]
[WhiteElo "1734"]
[BlackElo "2084"]
[PlyCount "110"]
[EventDate "2007.04.05"]

1. e4 c5 2. Nf3 d6 3. d4 cxd4 4. Nxd4 Nf6 5. Nc3 a6 6. a4 g6 7. Be2 Bg7 8. Be3
O-O 9. Qd2 Nc6 10. Nxc6 bxc6 11. Bh6 Qb6 12. Bxg7 Kxg7 13. b3 Qb4 14. Bd3 e5
15. Nb1 Qb7 16. O-O d5 17. Nc3 Nh5 18. Ne2 f5 19. f3 f4 20. Qa5 Rb8 21. exd5
cxd5 22. Nc3 Nf6 23. Rae1 Re8 24. Re2 Qb6+ 25. Qxb6 Rxb6 26. Rfe1 Rbe6 27. a5
Bd7 28. b4 d4 29. Ne4 Nxe4 30. Rxe4 Kf6 31. R4e2 Rb8 32. Rb1 Bb5 33. Bxb5 Rxb5
34. Rb3 Rc6 35. Rd2 Ke6 36. c3 dxc3 37. Rc2 Kd5 38. Rbxc3 Rxc3 39. Rxc3 Rxb4
40. Rc7 Rb5 41. Rxh7 Rxa5 42. Rg7 Ra1+ 43. Kf2 a5 44. Rxg6 a4 45. h4 Kc4 46.
Ra6 Kb4 47. h5 Rh1 48. h6 a3 49. Ke2 Rh2 50. Kd3 Rxg2 51. Ke4 Rg5 52. h7 Rh5
53. h8=Q Rxh8 54. Kxe5 Rh5+ 55. Kxf4 Ra5 0-1

[Event "I Open Praiascacchi"]
[Site "Praia a Mare ITA"]
[Date "2007.04.06"]
[Round "2"]
[White "Bottino, Alexiei"]
[Black "Piccoli, Vincenzo"]
[Result "1-0"]
[WhiteElo "2043"]
[BlackElo "1745"]
[PlyCount "83"]
[EventDate "2007.04.05"]

1. d4 Nf6 2. Nf3 b6 3. g3 Bb7 4. Bg2 e6 5. O-O Be7 6. Bf4 O-O 7. Nbd2 d6 8. Nb3
Nbd7 9. Nc1 c5 10. c3 Re8 11. Nd3 Nf8 12. Re1 Ng6 13. Bd2 Ne4 14. a4 a6 15. h4
Nxd2 16. Qxd2 cxd4 17. cxd4 e5 18. Nfxe5 Bxg2 19. Nxg6 hxg6 20. Kxg2 d5 21.
Rec1 Qd7 22. Ne5 Qb7 23. e3 Bd6 24. Nd3 Rac8 25. Rxc8 Rxc8 26. Rc1 Rc7 27. Rxc7
Qxc7 28. Qc3 Qd7 29. Qb3 Qc6 30. Nb4 Bxb4 31. Qxb4 Qe6 32. Qc3 Qd7 33. b3 Kh7
34. Qd3 Qc8 35. h5 Qe6 36. hxg6+ fxg6 37. f3 a5 38. e4 dxe4 39. fxe4 Kh8 40. d5
Qf6 41. d6 Qb2+ 42. Kh3 1-0

[Event "I Open Praiascacchi"]
[Site "Praia a Mare ITA"]
[Date "2007.04.06"]
[Round "2"]
[White "Calomeni, Gianpaolo"]
[Black "Messina, Oscar"]
[Result "1-0"]
[WhiteElo "1503"]
[BlackElo "1440"]
[PlyCount "97"]
[EventDate "2007.04.05"]

1. e4 e5 2. Nf3 d6 3. Nc3 Nf6 4. Bc4 h6 5. d3 Nc6 6. O-O a6 7. a3 Na5 8. Ba2
Qe7 9. Nd5 Nxd5 10. exd5 b6 11. b4 Nb7 12. Bb2 Qf6 13. Re1 Bg4 14. d4 Bxf3 15.
Qxf3 Qxf3 16. gxf3 f6 17. dxe5 fxe5 18. f4 O-O-O 19. fxe5 dxe5 20. Rxe5 Bd6 21.
Re2 Rhg8 22. Rae1 g5 23. c4 a5 24. b5 Nc5 25. Bb1 Na4 26. Bf5+ Kb7 27. Bc1 Bf4
28. Re7 Bxc1 29. Rxc1 Nc5 30. Rd1 Rgf8 31. Bc2 Rfe8 32. Rde1 Rxe7 33. Rxe7 h5
34. Bd1 h4 35. Bf3 Kb8 36. Bh5 Nd3 37. Be2 Nf4 38. Bg4 Rg8 39. Be6 Nxe6 40.
dxe6 h3 41. Rf7 Rd8 42. f3 Kb7 43. Kf2 Re8 44. e7 c6 45. Kg3 cxb5 46. cxb5 Kc7
47. Kxh3 Kd7 48. Kg4 Rg8 49. Rf8 1-0

[Event "I Open Praiascacchi"]
[Site "Praia a Mare ITA"]
[Date "2007.04.06"]
[Round "2"]
[White "De Marco, Francesco"]
[Black "Familari, Giuseppe"]
[Result "1/2-1/2"]
[WhiteElo "1848"]
[BlackElo "1717"]
[PlyCount "116"]
[EventDate "2007.04.05"]

1. e4 g6 2. Nf3 Bg7 3. d4 d6 4. Be2 Nd7 5. Nc3 a6 6. O-O e6 7. Bg5 Ne7 8. Qd2
h6 9. Be3 b6 10. a4 Bb7 11. Rad1 g5 12. h3 O-O 13. Nh2 e5 14. h4 f5 15. dxe5 f4
16. exd6 fxe3 17. dxe7 exd2 18. exd8=Q Raxd8 19. hxg5 Bxc3 20. bxc3 Nc5 21.
gxh6 Nxe4 22. Bd3 Nxc3 23. Rxd2 Nxa4 24. Ng4 Nc5 25. Bc4+ Kh7 26. Rfd1 Rde8 27.
f3 Bc8 28. Nf2 Kxh6 29. Nd3 Nxd3 30. Rxd3 a5 31. Bb5 Re5 32. c4 Kg5 33. Rd4 Rf4
34. Rd8 Be6 35. Re8 Kf6 36. Rf8+ Kg5 37. Re8 Kf6 38. Rc1 Rc5 39. Rf8+ Kg5 40.
Rxf4 Kxf4 41. Re1 Bf5 42. Kf2 c6 43. g3+ Kg5 44. Ba6 b5 45. cxb5 cxb5 46. Ke3
Re5+ 47. Kd2 Rxe1 48. Kxe1 b4 49. Kd2 a4 50. Kc1 a3 51. Bc4 Kf6 52. g4 Be6 53.
Bxe6 Kxe6 54. Kc2 Ke5 55. g5 Kf5 56. f4 a2 57. Kb2 b3 58. Ka1 Kg6 1/2-1/2

[Event "I Open Praiascacchi"]
[Site "Praia a Mare ITA"]
[Date "2007.04.06"]
[Round "2"]
[White "Gad, Alessandro"]
[Black "Alo', Lucio"]
[Result "1-0"]
[WhiteElo "1440"]
[BlackElo "1553"]
[PlyCount "99"]
[EventDate "2007.04.05"]

1. e4 e5 2. Nf3 Nc6 3. Bb5 Nge7 4. O-O d6 5. c3 Bd7 6. d4 exd4 7. cxd4 a6 8.
Bc4 Na5 9. Bd3 Nac6 10. Qb3 b5 11. Ng5 Be6 12. d5 Nd4 13. Qc3 c6 14. dxe6 Nxe6
15. Nxe6 fxe6 16. f4 Qd7 17. f5 e5 18. Be3 Qc7 19. Nd2 Nc8 20. a4 b4 21. Qxb4
d5 22. Qb3 Rb8 23. Qc2 d4 24. Bg5 h6 25. Bh4 a5 26. f6 Nd6 27. Rac1 g5 28. Bg3
Nf7 29. Bb5 Rc8 30. Qxc6+ Qxc6 31. Rxc6 Rxc6 32. Bxc6+ Kd8 33. Nc4 Bb4 34. Nxe5
Nxe5 35. Bxe5 d3 36. Bc3 Kc7 37. Bxb4 axb4 38. Bd5 Kd6 39. Kf2 Ke5 40. Ke3 Rf8
41. Kxd3 Kd6 42. f7 Kc5 43. b3 g4 44. g3 Kb6 45. Kc4 Ka5 46. Kc5 Rc8+ 47. Kd6
h5 48. f8=Q h4 49. Qxc8 h3 50. Ke7 1-0

[Event "I Open Praiascacchi"]
[Site "Praia a Mare ITA"]
[Date "2007.04.06"]
[Round "2"]
[White "Giaquinto, Sergio"]
[Black "Caputo, Mattia"]
[Result "1-0"]
[WhiteElo "1748"]
[BlackElo "1440"]
[PlyCount "66"]
[EventDate "2007.04.05"]

1. e4 e5 2. Nf3 Nc6 3. Bc4 h6 4. O-O Bc5 5. c3 d6 6. d4 exd4 7. cxd4 Bb6 8. Nc3
a6 9. b4 Nf6 10. Qd3 Nxb4 11. Bxf7+ Kxf7 12. Qc4+ Be6 13. Qxb4 Re8 14. Bb2 c5
15. Qa4 cxd4 16. Nxd4 Rb8 17. Rad1 Bd7 18. Qb3+ Kf8 19. Rfe1 Bc6 20. Ne6+ Rxe6
21. Qxe6 Bc5 22. e5 Bd7 23. Qc4 b5 24. Qf4 dxe5 25. Qxe5 Be7 26. Ne4 Rb6 27.
Nxf6 Rxf6 28. Qd4 Bd6 29. Qh4 g5 30. Qd4 Be7 31. Qxd7 Qxd7 32. Rxd7 Rf7 33.
Rdxe7 Rxe7 1-0

[Event "I Open Praiascacchi"]
[Site "Praia a Mare ITA"]
[Date "2007.04.06"]
[Round "2"]
[White "Grandinetti, Pietro"]
[Black "Gad, Ahmad"]
[Result "1-0"]
[WhiteElo "1639"]
[BlackElo "1784"]
[PlyCount "65"]
[EventDate "2007.04.05"]

1. e4 c5 2. Nf3 d6 3. d4 cxd4 4. Nxd4 Nf6 5. Nc3 g6 6. Be3 Bg7 7. f3 Nc6 8. Qd2
O-O 9. Be2 Nxd4 10. Bxd4 Be6 11. O-O a6 12. Rfd1 Nd7 13. Bxg7 Kxg7 14. Kh1 b5
15. Nd5 Bxd5 16. exd5 Qb6 17. c3 Rfc8 18. Re1 Ra7 19. a4 bxa4 20. Rxa4 Nc5 21.
Rh4 h5 22. Bd1 a5 23. g4 f6 24. gxh5 g5 25. Rh3 Kh6 26. b4 axb4 27. cxb4 Na6
28. f4 Qxb4 29. fxg5+ fxg5 30. Re6+ Kg7 31. Qxg5+ Kf8 32. Rf3+ Ke8 33. Rfe3 1-0

[Event "I Open Praiascacchi"]
[Site "Praia a Mare ITA"]
[Date "2007.04.06"]
[Round "2"]
[White "Magli, Francesco"]
[Black "Russo, Biagio"]
[Result "0-1"]
[WhiteElo "1479"]
[BlackElo "1437"]
[PlyCount "92"]
[EventDate "2007.04.05"]

1. d4 Nf6 2. c4 c6 3. Nc3 e6 4. e3 Bb4 5. Bd2 d5 6. c5 b6 7. a3 Bxc3 8. Bxc3
bxc5 9. dxc5 O-O 10. Bd3 Ba6 11. Ne2 Bxd3 12. Qxd3 Ne4 13. O-O Nxc3 14. Qxc3
Nd7 15. b4 e5 16. Rad1 a6 17. Ng3 Re8 18. Nf5 Nf6 19. Nd6 Ne4 20. Qd3 Nxd6 21.
cxd6 Qxd6 22. f4 e4 23. Qe2 a5 24. Rd4 axb4 25. axb4 Ra4 26. Qd2 Rb8 27. Rxe4
Raxb4 28. Re5 h6 29. Ra1 g6 30. Qd3 Kg7 31. Ra7 Rb1+ 32. Kf2 R8b7 33. Qd4 f6
34. Rxb7+ Rxb7 35. Re8 c5 36. Qd3 c4 37. Rg8+ Kxg8 38. Qxg6+ Rg7 39. Qf5 c3 40.
Qc8+ Kh7 41. Qxc3 Rc7 42. Qd3+ Kg7 43. Qf5 d4 44. Qg4+ Kf8 45. exd4 Qxd4+ 46.
Kg3 Rg7 0-1

[Event "I Open Praiascacchi"]
[Site "Praia a Mare ITA"]
[Date "2007.04.06"]
[Round "2"]
[White "Marsiglia, Gennaro"]
[Black "De Rasis, Giovanni"]
[Result "0-1"]
[WhiteElo "1440"]
[BlackElo "1560"]
[PlyCount "58"]
[EventDate "2007.04.05"]

1. e4 c6 2. Bc4 d5 3. exd5 cxd5 4. Bb5+ Nc6 5. Nf3 Nf6 6. d4 Bg4 7. h3 Bxf3 8.
gxf3 e6 9. Nc3 Be7 10. O-O O-O 11. Be3 Rc8 12. Bd3 e5 13. dxe5 Nxe5 14. Bf4
Nxd3 15. Qxd3 Qa5 16. Ne2 Rfd8 17. a3 Bd6 18. b4 Qa4 19. c3 Rc4 20. Bg5 Be5 21.
Bxf6 Bxf6 22. Rfc1 Qc6 23. Qe3 b5 24. Qxa7 Re8 25. Nd4 Bxd4 26. cxd4 Rxc1+ 27.
Rxc1 Qxc1+ 28. Kh2 Qf4+ 29. Kg1 Re1+ 0-1

[Event "I Open Praiascacchi"]
[Site "Praia a Mare ITA"]
[Date "2007.04.06"]
[Round "2"]
[White "Mercuri, Delia"]
[Black "Levato, Biagio"]
[Result "1/2-1/2"]
[WhiteElo "1415"]
[BlackElo "1495"]
[PlyCount "107"]
[EventDate "2007.04.05"]

1. e4 c5 2. c3 Nc6 3. d4 cxd4 4. cxd4 e6 5. Nf3 d6 6. Nc3 Be7 7. d5 exd5 8.
exd5 Ne5 9. Be2 Nf6 10. O-O O-O 11. Nxe5 dxe5 12. Bg5 a6 13. Bxf6 Bxf6 14. Ne4
Bf5 15. Bf3 Qb6 16. Qe2 Rad8 17. Rfd1 Bxe4 18. Bxe4 Be7 19. Qh5 g6 20. Qxe5 Bc5
21. Qg3 Rd6 22. Rd2 Rf6 23. Rf1 Bd4 24. Qd3 Bc5 25. a3 a5 26. g3 Re8 27. Kg2
Rd6 28. f4 f5 29. Bf3 Re3 30. Qc4 Rb3 31. Qe2 Re3 32. Qd1 Rb3 33. Qc2 Qb5 34.
Be2 Qb6 35. Bc4 Re3 36. Re2 Rd8 37. Rfe1 Rde8 38. Qd2 R8e4 39. d6+ Kg7 40. d7
Rd4 41. Qc1 Qc6+ 42. Kh3 Rxe2 43. Rxe2 Qf3 44. Bb5 Rxd7 45. Qxc5 Rd5 46. Qc7+
Kh6 47. Re7 Qg4+ 48. Kg2 Rd2+ 49. Re2 Rxe2+ 50. Bxe2 Qxe2+ 51. Kg1 Qe1+ 52. Kg2
Qe2+ 53. Kg1 Qe1+ 54. Kg2 1/2-1/2

[Event "I Open Praiascacchi"]
[Site "Praia a Mare ITA"]
[Date "2007.04.06"]
[Round "2"]
[White "Minucci, Veronica"]
[Black "Felisio, Antonio"]
[Result "0-1"]
[WhiteElo "1362"]
[BlackElo "1464"]
[PlyCount "102"]
[EventDate "2007.04.05"]

1. e4 Nf6 2. d3 d6 3. Nc3 g6 4. Nf3 Bg7 5. Be2 O-O 6. O-O Nc6 7. Be3 Nd7 8. Qc1
Nb6 9. Bh6 e5 10. Bxg7 Kxg7 11. Nd5 Nxd5 12. exd5 Ne7 13. c4 c6 14. dxc6 bxc6
15. c5 Qc7 16. Qe3 Rb8 17. Ng5 Nd5 18. Qg3 Nf4 19. Qh4 Nxe2+ 20. Kh1 h6 21. Ne4
f5 22. Rae1 Rxb2 23. Nxd6 Rxa2 24. Nxc8 Rxc8 25. Rxe2 Rxe2 26. d4 a5 27. dxe5
Rxe5 28. Qd4 Rd8 29. Qc3 Rdd5 30. h3 Rxc5 31. Qd4 Rcd5 32. Qc3 c5 33. g3 c4 34.
f4 Rd3 35. Qxe5+ Qxe5 36. fxe5 Re3 37. Rc1 c3 38. g4 f4 39. h4 a4 40. Kg1 a3
41. e6 a2 42. e7 Rxe7 43. g5 hxg5 44. hxg5 Re2 45. Rf1 c2 46. Kh1 Rd2 47. Kg1
Rd1 48. Rxd1 cxd1=Q+ 49. Kg2 f3+ 50. Kf2 Qe2+ 51. Kg1 a1=R# 0-1

[Event "I Open Praiascacchi"]
[Site "Praia a Mare ITA"]
[Date "2007.04.06"]
[Round "2"]
[White "Mitkov, Kalin"]
[Black "Cassanese, Riccardo"]
[Result "1-0"]
[WhiteElo "1440"]
[BlackElo "1518"]
[PlyCount "90"]
[EventDate "2007.04.05"]

1. e4 c6 2. d4 d5 3. exd5 cxd5 4. c3 Nf6 5. Nf3 e6 6. Be2 Bd6 7. Bg5 Nbd7 8.
Nbd2 h6 9. Bh4 g5 10. Bg3 Bxg3 11. fxg3 Ng4 12. Nf1 Qb6 13. Qc2 e5 14. h3 Ngf6
15. dxe5 Ne4 16. Bd3 Ndc5 17. Bxe4 Nxe4 18. Nd4 Qc7 19. O-O-O Qxe5 20. g4 Qf4+
21. Kb1 O-O 22. Nd2 Re8 23. N2f3 Be6 24. Rhf1 Rac8 25. Nh4 Qc7 26. Nhf5 Kh7 27.
Nb5 Qb6 28. Nbd6 Kg8 29. Nxe8 Rxe8 30. Nd4 Rc8 31. Ka1 Bd7 32. Nf5 Rc5 33. Ne7+
Kf8 34. Nxd5 Qe6 35. Rfe1 Rxd5 36. Rxd5 Qxd5 37. Qxe4 Qd2 38. Qe7+ Kg7 39. Qe5+
Kh7 40. Qe4+ Kg7 41. Qd4+ Qxd4 42. cxd4 Bc6 43. Re2 Kf6 44. Kb1 Bb5 45. Re3 Bf1
1-0

[Event "I Open Praiascacchi"]
[Site "Praia a Mare ITA"]
[Date "2007.04.06"]
[Round "2"]
[White "Paragliola, Gennaro"]
[Black "Paese, Salvatore"]
[Result "1-0"]
[WhiteElo "1451"]
[BlackElo "1396"]
[PlyCount "85"]
[EventDate "2007.04.05"]

1. d4 d5 2. c4 Nf6 3. Nc3 e6 4. Bg5 h6 5. Bh4 Be7 6. e3 Nc6 7. Nf3 Ne4 8. Bxe7
Nxe7 9. Nxe4 dxe4 10. Nd2 f5 11. Be2 O-O 12. O-O b6 13. f3 Bb7 14. fxe4 fxe4
15. Qc2 Rxf1+ 16. Rxf1 Nf5 17. Qc3 Qg5 18. Rf4 Rf8 19. Nxe4 Bxe4 20. Rxe4 Nh4
21. Rg4 Qf5 22. Qe1 Ng6 23. e4 Qf7 24. b3 e5 25. c5 Kh7 26. cxb6 cxb6 27. d5
Nf4 28. Bc4 g5 29. Rg3 Qh5 30. Qd2 Qg6 31. Bd3 h5 32. Rf3 Rf6 33. Kh1 Kh6 34.
Bb1 g4 35. Rf1 Qg5 36. g3 Nh3 37. Rxf6+ Kg7 38. Qxg5+ Nxg5 39. Rf5 Nf3 40. d6
Nd4 41. Rxe5 Kf6 42. Rd5 Nc6 43. Rxh5 1-0

[Event "I Open Praiascacchi"]
[Site "Praia a Mare ITA"]
[Date "2007.04.06"]
[Round "2"]
[White "Rametta, Marcello"]
[Black "Napoli, Nicolo'"]
[Result "0-1"]
[WhiteElo "1774"]
[BlackElo "2266"]
[PlyCount "142"]
[EventDate "2007.04.05"]

1. e4 Nc6 2. Bc4 Nf6 3. d3 d5 4. exd5 Nxd5 5. Ne2 e5 6. O-O Bc5 7. Nbc3 Nb6 8.
Ne4 Be7 9. Bb5 Bd7 10. N2g3 a6 11. Bxc6 Bxc6 12. Qg4 g6 13. Bh6 Bd7 14. Qe2 f5
15. Nc5 Bf6 16. Nxb7 Qe7 17. c4 Na4 18. Na5 Rb8 19. Nb3 Kf7 20. Rab1 Rhe8 21.
Rfe1 Bc6 22. Qd2 Nc5 23. Na5 Ba8 24. b4 Ne6 25. a3 Rbd8 26. Qc2 Nd4 27. Qa2 g5
28. Nb3 Kg6 29. Nxd4 Rxd4 30. Qe2 Rh4 31. Bxg5 Bxg5 32. Qc2 Qd7 33. Rbd1 Rd4
34. Qe2 h6 35. Qh5+ Kf6 36. Qh3 Rh4 37. Ne4+ Bxe4 38. dxe4 Rxh3 39. Rxd7 Rxa3
40. exf5 Kxf5 41. Rxc7 Rb3 42. g3 Rxb4 43. h4 Bf6 44. Rc6 a5 45. g4+ Kg6 46.
h5+ Kg5 47. f4+ Kxf4 48. Rxf6+ Kxg4 49. Rxh6 Rxc4 50. Ra6 Rg8 51. Rg6+ Rxg6 52.
hxg6 Kf5 53. g7 Rg4+ 54. Kf2 Rxg7 55. Ra1 Ra7 56. Ke3 a4 57. Rf1+ Ke6 58. Ra1
a3 59. Ra2 Ra4 60. Kd3 Kd5 61. Kc3 e4 62. Rd2+ Ke5 63. Ra2 Ra8 64. Kd2 Kd4 65.
Kc1 Kc3 66. Kb1 e3 67. Ka1 Kb3 68. Re2 Re8 69. Kb1 Kc3 70. Kc1 Kd3 71. Ra2 e2
0-1

[Event "I Open Praiascacchi"]
[Site "Praia a Mare ITA"]
[Date "2007.04.06"]
[Round "2"]
[White "Rizzuti, Pasquale"]
[Black "Orenga, Antonio"]
[Result "1-0"]
[WhiteElo "1835"]
[BlackElo "1440"]
[PlyCount "37"]
[EventDate "2007.04.05"]

1. c4 e5 2. Nc3 d6 3. Nf3 Nf6 4. g3 Be7 5. Bg2 O-O 6. Qc2 Nc6 7. a3 Be6 8. b3
Qd7 9. Ng5 Bf5 10. e4 Nd4 11. Qd1 Bg6 12. O-O Qg4 13. Nf3 Bxe4 14. Nxe4 Qxe4
15. Nxd4 Qxd4 16. Rb1 c6 17. Bb2 Qd3 18. Re1 Nd7 19. Be4 1-0

[Event "I Open Praiascacchi"]
[Site "Praia a Mare ITA"]
[Date "2007.04.06"]
[Round "2"]
[White "Vacchiano, Salvatore"]
[Black "Calomeni, Francesca"]
[Result "1-0"]
[WhiteElo "1509"]
[BlackElo "1356"]
[PlyCount "65"]
[EventDate "2007.04.05"]

1. d4 d5 2. e4 dxe4 3. Nc3 Nf6 4. f3 exf3 5. Nxf3 Nc6 6. Bc4 Bg4 7. Be3 e6 8.
O-O Bb4 9. a3 Bxc3 10. bxc3 O-O 11. Qd3 Qd6 12. Nh4 e5 13. d5 e4 14. Qd2 Ne5
15. Bb3 Rad8 16. c4 c6 17. c5 Qd7 18. d6 b6 19. Bf4 Rfe8 20. cxb6 Qxd6 21. Qxd6
Rxd6 22. bxa7 Rdd8 23. Ba4 Re7 24. Bxe5 Rxe5 25. Bxc6 Be2 26. Rfb1 g5 27. Rb8
Rxb8 28. axb8=Q+ Kg7 29. Qxe5 gxh4 30. Qg5+ Kf8 31. Rb1 Ba6 32. Rb8+ Ke7 33.
Re8+ 1-0

[Event "I Open Praiascacchi"]
[Site "Praia a Mare ITA"]
[Date "2007.04.06"]
[Round "2"]
[White "Vigile, Matteo"]
[Black "Simone, Leo"]
[Result "1-0"]
[WhiteElo "2086"]
[BlackElo "1772"]
[PlyCount "167"]
[EventDate "2007.04.05"]

1. e4 d5 2. exd5 Qxd5 3. Nc3 Qa5 4. Bc4 Nf6 5. d3 c6 6. Nge2 Bg4 7. f3 Bf5 8.
O-O e6 9. Ng3 Bg6 10. Qe2 Bc5+ 11. Kh1 O-O 12. Nce4 Be7 13. Bd2 Qd8 14. f4 Nbd7
15. Bc3 Nd5 16. f5 Nxc3 17. bxc3 exf5 18. Nxf5 Bxf5 19. Rxf5 Nf6 20. Nxf6+ Bxf6
21. Qg4 Qe7 22. Raf1 Kh8 23. d4 Rad8 24. Bd3 Rd6 25. Qf4 Re6 26. Rh5 Re1 27.
Rxh7+ Kg8 28. Rh3 Rxf1+ 29. Qxf1 Re8 30. Rf3 Qe1 31. h3 Qxf1+ 32. Rxf1 Kf8 33.
Kh2 Re7 34. Kg3 Re6 35. Kg4 Be7 36. Rb1 b6 37. a4 Bd6 38. c4 Rf6 39. g3 Rf2 40.
Re1 Rf6 41. d5 cxd5 42. cxd5 Bc5 43. Bb5 Rg6+ 44. Kf5 Rf6+ 45. Ke4 Kg8 46. Re2
Rg6 47. Kf3 Rf6+ 48. Kg2 g6 49. h4 Kg7 50. Rd2 Rd6 51. Rd3 Rf6 52. Kh3 Rd6 53.
Kg4 Rf6 54. Bc6 Rd6 55. Rc3 Rf6 56. Rc4 Rf2 57. a5 Rd2 58. axb6 axb6 59. Rc3
Rd4+ 60. Kf3 Rd2 61. Ke4 Re2+ 62. Kf4 Rf2+ 63. Kg4 Rd2 64. Rc4 Rd4+ 65. Rxd4
Bxd4 66. d6 Bf6 67. Kf4 Bd8 68. Ke5 Kf8 69. c4 Kg7 70. Bd7 g5 71. h5 Bf6+ 72.
Kf5 Bd8 73. g4 Bf6 74. Bc8 Bd8 75. Ba6 Kf8 76. Bb5 Kg7 77. Ke5 Kf8 78. Kd5 f5
79. gxf5 g4 80. Ke6 g3 81. Bc6 Kg7 82. Bf3 Kf8 83. f6 Ke8 84. h6 1-0

[Event "I Open Praiascacchi"]
[Site "Praia a Mare ITA"]
[Date "2007.04.06"]
[Round "3"]
[White "Alagia, Pietro"]
[Black "Vigile, Matteo"]
[Result "0-1"]
[WhiteElo "1658"]
[BlackElo "2086"]
[PlyCount "60"]
[EventDate "2007.04.05"]

1. e4 d6 2. Bc4 Nf6 3. Nc3 g6 4. d4 c6 5. Be3 b5 6. Bb3 b4 7. e5 bxc3 8. exf6
cxb2 9. Rb1 exf6 10. Ne2 Bg7 11. O-O O-O 12. Rxb2 f5 13. c4 Nd7 14. Rd2 Ba6 15.
Qc2 Nf6 16. Ng3 Rc8 17. Rc1 d5 18. Qd1 Qd6 19. Rdc2 f4 20. c5 Qc7 21. Bxf4 Qxf4
22. a4 Rfe8 23. a5 h5 24. Ba4 h4 25. Ne2 Bxe2 26. Rxe2 Rxe2 27. Qxe2 Qxc1+ 28.
Qf1 Qxf1+ 29. Kxf1 Ne4 30. a6 Bxd4 0-1

[Event "I Open Praiascacchi"]
[Site "Praia a Mare ITA"]
[Date "2007.04.06"]
[Round "3"]
[White "Alo', Lucio"]
[Black "Mercuri, Delia"]
[Result "0-1"]
[WhiteElo "1553"]
[BlackElo "1415"]
[PlyCount "49"]
[EventDate "2007.04.05"]

1. Nf3 Nc6 2. d4 d5 3. Bf4 Bg4 4. e3 Bxf3 5. Qxf3 a6 6. Nc3 Nf6 7. Bg5 e6 8. a3
Be7 9. b4 b5 10. Bd3 O-O 11. O-O h6 12. Bh4 Nd7 13. Bxe7 Qxe7 14. Rfe1 f5 15.
Ne2 Qf7 16. Nf4 Nf6 17. Qg3 g5 18. h4 g4 19. f3 Nh5 20. Nxh5 Qxh5 21. fxg4 Qxg4
22. Qxc7 Rac8 23. Qh2 f4 24. Be2 Qf5 25. Bd1 0-1

[Event "I Open Praiascacchi"]
[Site "Praia a Mare ITA"]
[Date "2007.04.06"]
[Round "3"]
[White "Altomonte, Giuseppe"]
[Black "Sansosti, Simona"]
[Result "1-0"]
[WhiteElo "1734"]
[BlackElo "1362"]
[PlyCount "53"]
[EventDate "2007.04.05"]

1. e4 e5 2. Nf3 Nc6 3. Bb5 a6 4. Ba4 b5 5. Bb3 Nf6 6. d3 d5 7. exd5 Nxd5 8. h3
Be7 9. O-O O-O 10. Re1 Bf6 11. Nbd2 Bf5 12. Ne4 Re8 13. Bxd5 Qxd5 14. Nxf6+
gxf6 15. Bh6 Bg6 16. Nh2 Re6 17. a4 b4 18. h4 e4 19. dxe4 Qxd1 20. Raxd1 Bxe4
21. Rd2 f5 22. Bf4 Rg6 23. f3 Bxf3 24. Nxf3 Rc8 25. Rd7 Rd8 26. Rxd8+ Nxd8 27.
Re8+ 1-0

[Event "I Open Praiascacchi"]
[Site "Praia a Mare ITA"]
[Date "2007.04.06"]
[Round "3"]
[White "Calomeni, Francesca"]
[Black "Marsiglia, Gennaro"]
[Result "1-0"]
[WhiteElo "1356"]
[BlackElo "1440"]
[PlyCount "49"]
[EventDate "2007.04.05"]

1. e4 e5 2. Nf3 d6 3. Bc4 Nf6 4. Nc3 Be7 5. O-O O-O 6. d3 Nc6 7. Bg5 Ng4 8. Qd2
Bxg5 9. Nxg5 Qf6 10. Nd5 Qf4 11. Nxf4 exf4 12. Qxf4 Nf6 13. Rfe1 Ne5 14. h3 h6
15. Nf3 Nxc4 16. dxc4 Be6 17. b3 b6 18. e5 Nh5 19. Qe4 g6 20. Rad1 Bf5 21. Qe2
Rae8 22. Nd4 dxe5 23. Nxf5 gxf5 24. Qxh5 f6 25. Rd7 1-0

[Event "I Open Praiascacchi"]
[Site "Praia a Mare ITA"]
[Date "2007.04.06"]
[Round "3"]
[White "Caputo, Mattia"]
[Black "Rametta, Marcello"]
[Result "0-1"]
[WhiteElo "1440"]
[BlackElo "1774"]
[PlyCount "112"]
[EventDate "2007.04.05"]

1. e4 c5 2. Nf3 Nc6 3. d4 cxd4 4. Nxd4 e6 5. Nxc6 bxc6 6. Bd3 Bc5 7. O-O Ne7 8.
c4 O-O 9. a3 Ng6 10. Nc3 Ne5 11. h3 Ba6 12. b3 d5 13. Qe2 dxc4 14. Bxc4 Nxc4
15. bxc4 Bd4 16. Rd1 e5 17. Bb2 Qa5 18. Rac1 Rab8 19. Rd2 Rb3 20. Rdc2 Rfb8 21.
Nd1 Bxb2 22. Rxb2 Rxb2 23. Nxb2 Qxa3 24. Rb1 Qa2 25. Rd1 g6 26. Rd2 Qb3 27. Qd3
Qa2 28. Qc3 Qb1+ 29. Nd1 Qxe4 30. Ne3 Rb1+ 31. Kh2 Qf4+ 32. g3 Qe4 33. Rd1 Rxd1
34. Nxd1 Bxc4 35. Qe3 Qd4 36. Nc3 Qxe3 37. fxe3 a5 38. Kg2 Bb3 39. Kf2 a4 40.
Ke2 a3 41. Kd3 a2 42. Nxa2 Bxa2 43. Ke4 f6 44. h4 Kf7 45. g4 c5 46. g5 c4 47.
gxf6 Kxf6 48. Kf3 c3 49. Ke2 c2 50. Kd2 Bb1 51. e4 g5 52. hxg5+ Kxg5 53. Kc1 h5
54. Kb2 h4 55. Ka1 h3 56. Kb2 h2 0-1

[Event "I Open Praiascacchi"]
[Site "Praia a Mare ITA"]
[Date "2007.04.06"]
[Round "3"]
[White "Cordi', Domenico"]
[Black "Grandinetti, Pietro"]
[Result "1-0"]
[WhiteElo "2084"]
[BlackElo "1639"]
[PlyCount "89"]
[EventDate "2007.04.05"]

1. Nf3 Nf6 2. d4 g6 3. c4 Bg7 4. Nc3 O-O 5. e4 d6 6. Be2 e5 7. O-O Nc6 8. d5
Ne7 9. Ne1 Nd7 10. Be3 f5 11. f3 f4 12. Bf2 g5 13. Nd3 Ng6 14. c5 Nf6 15. Rc1
Rf7 16. b4 Bf8 17. Nb2 h5 18. Nc4 g4 19. cxd6 cxd6 20. Nb5 g3 21. hxg3 fxg3 22.
Bxg3 h4 23. Bf2 Nh5 24. Kh2 Qg5 25. Rh1 Ngf4 26. Bf1 Ng3 27. Ncxd6 Rg7 28. Rg1
Bd7 29. Nc7 Rd8 30. Nxb7 Rb8 31. Nc5 Rxb4 32. N7e6 Bxe6 33. Nxe6 Nxe6 34. dxe6
Qf4 35. Kh3 Nxf1 36. Rxf1 Rg3+ 37. Kh2 Rg6+ 38. Kh1 Qg5 39. Rg1 Rb7 40. Qd5 Re7
41. Rc8 Qf4 42. Bc5 h3 43. Bxe7 hxg2+ 44. Rxg2 Qxf3 45. Rxf8+ 1-0